• 首页
  • 本馆介绍
  • 公告通知
  • 最新文献
  • 馆藏检索
  • 电子资源
  • 读者导购
  • 参考咨询
  • 我的图书馆
  • 登录
  • 详细信息显示
  • 放入我的书架
  • 预约/预借图书
  • 作者相关作品
  • 分类相关作品
  • 丛书相关作品
  • 出版社相关作品

书目信息

  • 表格格式
  • 工作单格式
  • 卡片格式
题名:
设施园艺作物栽培新技术
    
 
作者: 贾俊英 编著
分册:  
出版信息: 赤峰   内蒙古科学技术出版社  2020.2
页数: 124页
开本: 26cm
丛书名:
单 册:
中图分类: S62
科图分类:
主题词: 园艺--设施农业
电子资源:
ISBN: 978-7-5380-2767-9
000 00861nam0 2200229 45
001 012001002133
005 20140913125715.0
010    @a978-7-5380-2767-9@dCNY48.00
100    @a20170705d2016 em y0chiy50 ea
101 0  @achi
102    @aCN@b150000
105    @ay z 000yy
106    @ar
200 1  @a设施园艺作物栽培新技术@Ashe shi yuan yi zuo wu zai pei xin ji shu@f贾俊英编著
210    @a赤峰@c内蒙古科学技术出版社@d2020.2
215    @a124页@d26cm
330    @a本书共七章,第一、二章介绍了设施的种类、结构、建造,及其内部环境调控技术;第三章介绍了设施园艺作物的育苗技术;第四、五、六章分别介绍了蔬菜、果树、花卉作物的设施栽培技术;第七章介绍了设施作物生产中常用的化控技术。
606 0  @a园艺@x设施农业
690    @aS62@v5
701  0 @a贾俊英@Ajia jun ying@c(女,@f1973~)@4编著
801  0 @aCN@bBJSDL@c20211011
905    @b1338562-5@dS62@e677@f4
    
    设施园艺作物栽培新技术/贾俊英编著.-赤峰:内蒙古科学技术出版社,2020.2
    124页;26cm
    
    
    ISBN 978-7-5380-2767-9:CNY48.00
    本书共七章,第一、二章介绍了设施的种类、结构、建造,及其内部环境调控技术;第三章介绍了设施园艺作物的育苗技术;第四、五、六章分别介绍了蔬菜、果树、花卉作物的设施栽培技术;第七章介绍了设施作物生产中常用的化控技术。
●
相关链接 在E读中查询图书 在五车中查询图书 在当当中查询图书 在豆瓣中查询图书


正题名:设施园艺作物栽培新技术     索取号:S62/677         预约/预借

序号 登录号 条形码 馆藏地/架位号 状态 备注
1 1338562   213385629   第二样本阅览室/ [索取号:S62/677] 在馆    
2 1338563   213385638   第三借阅区/ [索取号:S62/677] 在馆    
3 1338564   213385647   第三借阅区/ [索取号:S62/677] 在馆    
4 1338565   213385656   第三借阅区/ [索取号:S62/677] 在馆    
唐山师范学院图书馆 欢迎您!
大连网信软件有限公司© 版权所有